Online
Catalog

Selección de leyendas puertorriqueñas / (Record no. 1578)

MARC details
000 -CABECERA
campo de control de longitud fija 01011cam a2200265 a 4500
001 - NÚMERO DE CONTROL
campo de control 000001697
005 - FECHA Y HORA DE LA ÚLTIMA TRANSACCIÓN
campo de control 20200929145652.0
008 - DATOS DE LONGITUD FIJA--INFORMACIÓN GENERAL
campo de control de longitud fija 800213s1977 pr ab 001 0 spa
020 ## - NÚMERO INTERNACIONAL ESTÁNDAR DEL LIBRO
Número Internacional Estándar del Libro 0960170022
040 ## - FUENTE DE LA CATALOGACIÓN
Centro catalogador/agencia de origen DO-SdBNP
Lengua de catalogación spa
Centro/agencia transcriptor BNPHU
082 ## - NÚMERO DE LA CLASIFICACIÓN DECIMAL DEWEY
Número de clasificación 398.2
Número de documento/Ítem C697l
100 1# - ENTRADA PRINCIPAL--NOMBRE DE PERSONA
Nombre de persona Coll y Toste, Cayetano,
Fechas asociadas al nombre 1850-1930.
9 (RLIN) 5522
245 10 - MENCIÓN DE TÍTULO
Título Selección de leyendas puertorriqueñas /
Mención de responsabilidad, etc. Cayetano Coll y Toste, adaptación, versión moderna y prólogo de José Ramírez Rivera.
260 ## - PUBLICACIÓN, DISTRIBUCIÓN, ETC.
Lugar de publicación, distribución, etc. Mayagüez, Puerto Rico :
Nombre del editor, distribuidor, etc. Libero,
Fecha de publicación, distribución, etc. 1977]
Fabricante Litografía Metropolitana
300 ## - DESCRIPCIÓN FÍSICA
Extensión 120 p. ; :
Otras características físicas il., mapas, ;
Dimensiones 21 cm.
490 1# - MENCIÓN DE SERIE
Mención de serie Short stories
490 1# - MENCIÓN DE SERIE
Mención de serie History
504 ## - NOTA DE BIBLIOGRAFÍA, ETC.
Nota de bibliografía, etc. Edición revisada y aumentada.
504 ## - NOTA DE BIBLIOGRAFÍA, ETC.
Nota de bibliografía, etc. Incluye referencias y notas al pie de las páginas.
504 ## - NOTA DE BIBLIOGRAFÍA, ETC.
Nota de bibliografía, etc. Incluye referencias bibliográficas.
650 #4 - PUNTO DE ACCESO ADICIONAL DE MATERIA--TÉRMINO DE MATERIA
Término de materia o nombre geográfico como elemento de entrada Leyendas
Subdivisión general Folclor
Subdivisión geográfica Puerto Rico
9 (RLIN) 5523
650 #4 - PUNTO DE ACCESO ADICIONAL DE MATERIA--TÉRMINO DE MATERIA
Término de materia o nombre geográfico como elemento de entrada Folklore
Subdivisión geográfica Puerto Rico
9 (RLIN) 5524
700 1# - PUNTO DE ACCESO ADICIONAL--NOMBRE DE PERSONA
Nombre de persona Ramírez Rivera, José,
Término indicativo de función/relación pról.
9 (RLIN) 5525
830 #0 - PUNTO DE ACCESO ADICIONAL DE SERIE-TÍTULO UNIFORME
Título uniforme Short stories;
Nombre de parte o sección de la obra History.
9 (RLIN) 5526
Holdings
Estado de retiro Estado de pérdida Restricciones de uso No para préstamo Código de colección Localización permanente Ubicación/localización actual Ubicación en estantería Fecha de adquisición Número de inventario Total de préstamos Signatura topográfica completa Código de barras Fecha visto por última vez Precio válido a partir de Tipo de ítem Koha
    Préstamo interno   Monografías: Libros y Folletos General General Depósito 22.09.2009 LF1   398.2 C697l 1697-10 25.06.2020 25.06.2020 Préstamo interno

Powered by Koha